000 00628nam a2200217Ii 4500
003 JO-AjNU
008 230605s9999||||xx |||||||||||||| ||und||
017 _a1993/8/855
040 _aJO-AjNU
_bara
_erda
_cJO-AjNU
041 _aara
050 1 4 _aCS1539.S42.U9277.1993
100 3 _aالعزيزي، روكس ين زائد,
_eauthor
_910278
245 0 0 _aالشرارات من هم .؟
250 _aط1
264 3 1 _aعمان: (د.ن)، 1993
300 _a273ص
336 _atext
_btxt
_2rdacontent
337 _aunmediated
_bn
_2rdamedia
338 _avolume
_bnc
_2rdacarrier
650 4 _aانساب العرب
_910279
999 _aA1725
_c5293
_d5293